International Property Assessment Administration : proceedings of the 36th annual International Conference on assessment administration October 25-28,1970, Las Vegas, Nevada

Bibliographic Details
Corporate Author: International Conference on Assessment Administration
Format: Conference Proceeding Book
Published: Chicago : International Association Of Assessing Officers , 1971
Subjects:

MARC

LEADER 00000cam a2200000 7i4500
001 0000008720
005 20161227.0
040 |a INS 
090 0 0 |a HJ3241   |b I66 1971 
111 2 |a International Conference on Assessment Administration 
222 0 |a International property assessment administration 
245 1 0 |a International Property Assessment Administration :   |b proceedings of the 36th annual International Conference on assessment administration October 25-28,1970, Las Vegas, Nevada 
260 |a Chicago :   |b International Association Of Assessing Officers ,   |c 1971 
300 |a 328p. ;   |c 23cm. 
650 0 |a Tax assessment   |v Congresses 
650 0 |a Tax assessment   |z United States   |v Congresses 
999 |a 0000023302   |b BOOK   |c Open Shelf   |e Default branch